[Event "24th ECC"]
[Site "Kallithea GRE"]
[Date "2008.10.22"]
[Round "6"]
[White "Vydeslaver,Ali"]
[Black "Colovic,A"]
[Result "1/2-1/2"]
[WhiteElo "2399"]
[BlackElo "2458"]

1.e4 c5 2.Nf3 d6 3.d4 cxd4 4.Nxd4 Nf6 5.Nc3 a6 6.g3 e5 7.Nb3 Be7 8.a4 Nc6
9.Bg2 Bg4 10.Qd2 Nb4 11.Nd5 Nbxd5 12.exd5 a5 13.O-O O-O 14.Qd3 Qc8 15.c3 Bf5
16.Qe2 Re8 17.Be3 Ng4 18.Bd2 Bd8 19.Nd4 Bb6 20.Nb5 Qd7 21.h3 Nf6 22.Kh2 h5
23.Bg5 Nh7 24.Be3 Ra6 25.Qxh5 Bd3 26.Rfd1 Nf6 27.Qg5 Bc2 28.Rd2 Bxa4 29.Bxb6 Rxb6
30.Na3 Bb3 31.Qe3 Ra6 32.Bf1 Nxd5 33.Qe1 Rb6 34.c4 Nc7 35.c5 Rc6 36.cxd6 Rxd6
37.Rxd6 Qxd6 38.Qxa5 e4 39.Nb5 Nxb5 40.Qxb5 Qe6 41.Qxb7 Bd5 42.Qb4 Qf5 43.Qd2 e3
44.fxe3 Bb7 45.Bg2 Rc8 46.Rf1 Qg6 47.Rf2 Bxg2 48.Rxg2 Rc4 49.Rf2 Qc6 50.Qd8+ Kh7
51.Qd3+ Kg8 52.Rd2 Rc1 53.Qd8+ Kh7 54.Qh4+ Kg6 55.Qg4+ Kh6 56.Qd4 Kh7 57.e4 Rc2
58.e5 Rxd2+ 59.Qxd2 Qe4 60.Qc3 Qe2+ 61.Kg1 g6 62.b4 Kg8 63.h4 Kh7 64.Qd4 Kg8
65.Qd8+ Kg7 66.Qf6+ Kg8 67.e6 fxe6 68.Qxg6+ Kf8 69.h5 Qe1+ 70.Kg2 Qe2+ 71.Kh3 Qf1+
72.Kg4 Qd1+ 73.Kg5 Qd2+ 74.Kf6 Qd4+ 75.Kxe6 Qe3+ 76.Kf5 Qd3+ 77.Kf4 Qd2+
78.Ke5 Qc3+ 79.Kd5 Qb3+ 80.Kc5 Qc3+ 81.Kb5 Qe5+ 82.Ka6 Qa1+ 83.Kb7 Qh1+ 84.Kb8 Qd5
85.h6 Qb5+ 86.Kc7 Qd7+ 87.Kb6 Qe6+  1/2-1/2

[Event "WYCC Boys U16"]
[Site "Vung Tau City VIE"]
[Date "2008.10.22"]
[Round "3"]
[White "Csirik,A"]
[Black "Schnegg,D"]
[Result "1-0"]
[WhiteElo "2324"]
[BlackElo "2117"]

1.e4 c5 2.Nf3 d6 3.d4 cxd4 4.Nxd4 Nf6 5.Nc3 a6 6.g3 g6 7.Bg2 Bg7 8.O-O O-O
9.a4 Bd7 10.Nb3 Be6 11.Kh1 Bc4 12.Re1 Nc6 13.Be3 Rc8 14.Nd5 Bxb3 15.cxb3 Nxd5
16.exd5 Nb4 17.Bh3 f5 18.Re2 Qc7 19.a5 Nc2 20.Bb6  1-0

[Event "8th Rohde Open"]
[Site "Sautron FRA"]
[Date "2008.10.25"]
[Round "1"]
[White "Carlsson,P"]
[Black "Le Ruyet,L"]
[Result "1-0"]
[WhiteElo "2515"]
[BlackElo "2045"]

1.e4 c5 2.Nf3 d6 3.d4 cxd4 4.Nxd4 Nf6 5.Nc3 a6 6.g3 e6 7.Bg2 Be7 8.O-O O-O
9.Be3 Qc7 10.g4 Nc6 11.g5 Nd7 12.f4 Nxd4 13.Bxd4 e5 14.Nd5 Qd8 15.fxe5 dxe5
16.Nxe7+ Qxe7 17.Be3 b5 18.Qd5 Rb8 19.Rad1 Nb6 20.Qc5 Qxc5 21.Bxc5 Re8 22.b3 Be6
23.Rd6 Nd7 24.Bb4 Ra8 25.Ba5 Rec8 26.Rfd1 Ra7 27.R1d2 Kf8 28.Kf2 Ke8 29.Ke3 Raa8
30.Bf1 Nc5 31.Rb6 Ra7 32.h4 Nb7 33.Bb4 Rc7 34.h5 Nd8 35.Bd6 Rc3+ 36.Bd3 Rc6
37.Rxc6 Nxc6 38.Be2 f6 39.gxf6 gxf6 40.h6 Nd4 41.Bc5 Rc7 42.Bxd4 exd4+ 43.Kxd4 f5
44.Bd3 fxe4 45.Bxe4 Rd7+ 46.Ke3 Re7 47.Kf4 Bc8 48.Rd6 Rf7+ 49.Ke5 Re7+ 50.Kd4  1-0

[Event "21st Belgrade Trophy"]
[Site "Obrenovac SRB"]
[Date "2008.11.03"]
[Round "7"]
[White "Damljanovic,B"]
[Black "Gunnarsson,J"]
[Result "0-1"]
[WhiteElo "2596"]
[BlackElo "2430"]

1.Nf3 c5 2.e4 d6 3.d4 cxd4 4.Nxd4 Nf6 5.Nc3 a6 6.g3 Nc6 7.Nb3 Bd7 8.Bg2 e6
9.f4 Be7 10.Be3 Qc7 11.O-O h6 12.Qe2 O-O 13.g4 Nh7 14.Rad1 b5 15.Qf2 Rab8
16.Ne2 e5 17.f5 Na5 18.Nc3 Bc6 19.Nxa5 Qxa5 20.a3 Nf6 21.Qg3 b4 22.axb4 Qxb4
23.g5 hxg5 24.Bxg5 Qxb2 25.Bxf6 Bxf6 26.Rxd6 Bh4 27.Qxh4 Qxc3 28.f6 Rb1 29.Rxb1 Qc5+
30.Kh1 Qxd6 31.fxg7 Kxg7 32.Rg1 Rg8 33.Bf3+ Kf8 34.Rd1 Qg6 35.Qd8+ Kg7  0-1

[Event "21st Belgrade Trophy"]
[Site "Obrenovac SRB"]
[Date "2008.11.04"]
[Round "8"]
[White "Brujic,B"]
[Black "Ilic,Zo3"]
[Result "1/2-1/2"]
[WhiteElo "2208"]
[BlackElo "2290"]

1.e4 c5 2.Nf3 d6 3.d4 cxd4 4.Nxd4 Nf6 5.Nc3 a6 6.g3 e6 7.Bg2 Qc7 8.O-O Be7
9.a4 O-O 10.a5 Nc6 11.Nb3 Ne5 12.Qe2 Bd7 13.f4 Nc4 14.e5 Ne8 15.exd6 Nexd6
16.f5 Bf6 17.fxe6 fxe6 18.Bf4 g5 19.Bc1 h6 20.Ne4 Nxe4 21.Qxe4 Bg7 22.Rd1 Rab8
23.Nd4 e5 24.Qd5+ Kh8 25.Ne6 Bxe6 26.Qxe6 Qc5+ 27.Kh1 Rbd8 28.Bxg5 Rxd1+
29.Rxd1 Nxb2 30.Rb1 Qxc2 31.Rc1 Qh7 32.Be7 Re8 33.Bxb7 Qg8 34.Qd7 e4 35.Bc6 Rc8
36.Bg5 Nd3 37.Bd5 Rxc1+ 38.Bxc1 Qf8 39.Bf4 Nxf4 40.gxf4 Qxf4 41.Qf7 Qxf7
42.Bxf7  1/2-1/2

[Event "21st Belgrade Trophy"]
[Site "Obrenovac SRB"]
[Date "2008.11.05"]
[Round "9"]
[White "Mikicic,Du"]
[Black "Nenezic,M"]
[Result "1/2-1/2"]
[WhiteElo "2197"]
[BlackElo "1987"]

1.e4 c5 2.Nf3 d6 3.d4 cxd4 4.Nxd4 Nf6 5.Nc3 a6 6.g3 e5 7.Nde2 Be7 8.Bg2 O-O
9.O-O Qc7 10.h3 b5 11.a3 Nbd7 12.g4 Nb6 13.Ng3 g6 14.g5 Nfd7 15.Nf5 Nc5 16.Nxe7+ Qxe7
17.Be3 Bb7 18.b3 Nbd7 19.Nd5 Bxd5 20.Qxd5 Rfd8 21.Rad1 Nf8 22.f4 exf4 23.Bxf4 Nb7
24.e5 dxe5 25.Qxb7 Qc5+ 26.Kh2 exf4 27.Rxf4 Rxd1 28.Qxf7+ Kh8  1/2-1/2

[Event "38th Olympiad"]
[Site "Dresden GER"]
[Date "2008.11.14"]
[Round "2"]
[White "Stanojoski,Z"]
[Black "Takyrbashev,B"]
[Result "1-0"]
[WhiteElo "2502"]
[BlackElo "2142"]

1.e4 c5 2.Nf3 d6 3.d4 cxd4 4.Nxd4 Nf6 5.Nc3 a6 6.g3 e5 7.Nde2 b5 8.Bg2 Bb7
9.h3 Be7 10.g4 b4 11.Nd5 Nxd5 12.exd5 O-O 13.Ng3 Bg5 14.Bxg5 Qxg5 15.O-O Nd7
16.a3 bxa3 17.Rxa3 a5 18.Nf5 Qf6 19.Qd2 g6 20.Ne3 a4 21.Rfa1 Nc5 22.Nc4 Ra6
23.Na5 Rb6 24.b4 axb3 25.cxb3 e4 26.Re1 Rc8 27.g5 Qf5 28.Nxb7 Nxb7 29.Rxe4 Nc5
30.Re3 Rcb8 31.Rf3 Qb1+ 32.Kh2 Rxb3 33.Qf4 R8b7 34.Ra8+ Rb8 35.Qxf7+ Kh8
36.Qf8+  1-0

[Event "38th Olympiad"]
[Site "Dresden GER"]
[Date "2008.11.17"]
[Round "5"]
[White "Heidenfeld,M"]
[Black "Amanov,M"]
[Result "1/2-1/2"]
[WhiteElo "2364"]
[BlackElo "2357"]

1.e4 c5 2.Nf3 d6 3.d4 cxd4 4.Nxd4 Nf6 5.Nc3 a6 6.g3 e5 7.Nde2 Be7 8.Bg2 O-O
9.O-O Nbd7 10.h3 b5 11.g4 b4 12.Nd5 Nxd5 13.Qxd5 Nb6 14.Qa5 Qc7 15.c3 bxc3
16.Nxc3 Qb7 17.b3 Be6 18.Be3 Nd7 19.Rac1 Rfc8 20.Rfd1 Nf8 21.Nd5 Bxd5 22.Qxd5 Qxd5
23.Rxd5 Rxc1+ 24.Bxc1 Ne6 25.Bf1 Kf8 26.Ra5 Nc5 27.f3 Rc8 28.Bd2 Bd8 29.Ra3 Bb6
30.Kh1 Ne6 31.Bc4 Nd4 32.Bb4 Bc5 33.Bxc5 Rxc5 34.Rxa6 Nxf3 35.Rxd6 Ng5 36.Rd7 Ke8
37.Ra7 Nxh3 38.a4 Nf2+ 39.Kg1 Nxe4 40.Bxf7+ Kd8 41.Bc4 Nd2 42.Be6 Rc1+ 43.Kg2 Rc2
44.Bf5 e4 45.Rxg7 Nxb3+ 46.Kg3 Rc3+ 47.Kf4 Nc5 48.Rxh7 e3 49.Rh1 Nxa4 50.g5 Ke7
51.Re1 Nb6 52.Ke4  1/2-1/2

[Event "38th Olympiad w"]
[Site "Dresden GER"]
[Date "2008.11.21"]
[Round "8"]
[White "Ghader Pour,S"]
[Black "Mateus,Mar"]
[Result "0-1"]
[WhiteElo "2149"]
[BlackElo "2138"]

1.e4 c5 2.Nf3 d6 3.d4 cxd4 4.Nxd4 Nf6 5.Nc3 a6 6.g3 e5 7.Nde2 Be7 8.Bg2 h6
9.O-O O-O 10.h3 Nbd7 11.a4 b6 12.g4 Nc5 13.Ng3 Qc7 14.Be3 Rd8 15.Qd2 Be6
16.Nd5 Bxd5 17.exd5 Nh7 18.Kh2 Rac8 19.b3 Nd7 20.Rac1 Ndf8 21.Nf5 Bg5 22.Bxg5 hxg5
23.Rfe1 Ng6 24.Re4 Kf8 25.Rc4 Qb8 26.Rc6 Nf4 27.Bh1 Nf6 28.Rd1 g6 29.Ne3 Kg7
30.c4 Rh8 31.Bg2 Rxh3+ 32.Kg1 Rch8 33.a5 bxa5 34.Rxa6 Rh2 35.f3 Qxb3 36.Kf2 R8h3
37.Qc2 Rxg2+  0-1

[Event "38th Olympiad"]
[Site "Dresden GER"]
[Date "2008.11.22"]
[Round "9"]
[White "Juarez Flores,C"]
[Black "Leyva,H"]
[Result "1/2-1/2"]
[WhiteElo "2358"]
[BlackElo "2399"]

1.e4 c5 2.Nf3 d6 3.d4 cxd4 4.Nxd4 Nf6 5.Nc3 a6 6.g3 e5 7.Nde2 Be7 8.Bg2 Nbd7
9.O-O b5 10.h3 Bb7 11.g4 Nc5 12.Ng3 Ne6 13.Be3 g6 14.Qd2 h5 15.g5 Nd7 16.h4 Rc8
17.a4 b4 18.Nd5 a5 19.Rad1 Bf8 20.Bh3 Bg7 21.c3 b3 22.f4 exf4 23.Bxe6 fxe6
24.Nxf4 Nf8 25.Qxd6 Qxd6 26.Rxd6 Rc6 27.Rfd1 Rxd6 28.Rxd6 Be5 29.Rb6 Rh7
30.Rb5 Bc7 31.Rxb3 Bc6 32.Ra3 Rf7 33.Nge2 Bxe4 34.Ra1 e5 35.Ng2 Bf3 36.Re1 Bc6
37.b3 Rf3 38.Rf1 Rxf1+ 39.Kxf1 Ne6 40.Bf2 Kd7 41.Ne3 Nc5 42.Nc1 Ne4 43.Be1 Nc5
44.Ke2 Ke6 45.Kd2 Be4 46.Bf2 Bb1 47.Ke2 Ne4 48.Be1 Nc5 49.Bf2 Ne4 50.Be1  1/2-1/2

[Event "ch-Nassau"]
[Site "Mineola USA"]
[Date "2008.11.24"]
[Round "6"]
[White "Berg,Geo"]
[Black "Mirabile,T"]
[Result "1/2-1/2"]
[WhiteElo "2101"]
[BlackElo "2180"]

1.e4 c5 2.Nf3 d6 3.d4 cxd4 4.Nxd4 Nf6 5.Nc3 a6 6.g3 e6 7.Bg2 Qc7 8.O-O Nc6
9.Re1 Be7 10.Nxc6 bxc6 11.e5 dxe5 12.Rxe5 Nd5 13.Nxd5 cxd5 14.Bf4 Bd6 15.Qxd5 Rb8
16.Qd4 h6 17.Rc5 Bxc5 18.Qa4+ Bd7 19.Bxc7 Bxa4 20.Bxb8 Ke7 21.Bf4 e5 22.Bd2 Bxc2
23.Rc1 Rc8 24.b4 Bd6 25.Be4 Bxe4 26.Rxc8 Bb7 27.Rc1 Kd7 28.a3 Bc6 29.Be3 f5
30.Kf1 Bc7 31.Ke2 h5 32.Bg5 g6 33.Rd1+ Bd6 34.Be3 Ke6 35.Bb6 g5 36.Rc1 Kd7
37.Rd1 Ke6 38.Rc1 Kd7 39.Rd1  1/2-1/2

[Event "21st Belgrade Trophy"]
[Site "Obrenovac SRB"]
[Date "2008.11.30"]
[Round "4"]
[White "Kojovic,D"]
[Black "Zivkovic,Nem"]
[Result "1/2-1/2"]
[WhiteElo "2412"]
[BlackElo "2099"]

1.e4 c5 2.Nf3 d6 3.d4 cxd4 4.Nxd4 Nf6 5.Nc3 a6 6.g3 e6 7.Bg2 Be7 8.O-O O-O
9.a4 Qc7 10.a5 Nbd7 11.g4 Rd8 12.g5 Ne8 13.f4 b5 14.axb6 Qxb6 15.Na4 Qc7
16.Rf3 Bb7 17.Rc3 Qb8 18.Qe2 Rc8 19.Rh3 Qc7 20.Qh5 Nf8 21.Be3 Rab8 22.Nc3 Ba8
23.Nb3 a5 24.f5 Rb4 25.fxe6 fxe6 26.Rf1 g6 27.Qf3 Ng7 28.Qf7+ Kh8 29.Rhf3 Qd8
30.Bd2 a4 31.Nd5 exd5 32.Bxb4 dxe4 33.Bc3 Ne6 34.Rf4 Rxc3 35.bxc3 Nxf4 36.Qxf4 axb3
37.cxb3 Qb6+ 38.Kh1 Qxb3 39.Bxe4 Bxe4+ 40.Qxe4 Nf5 41.Rxf5 gxf5 42.Qxe7 Qd1+
43.Kg2 Qg4+ 44.Kf2 Qf4+ 45.Kg1 Qg4+ 46.Kf2 Qf4+  1/2-1/2

[Event "Mediterranean Open"]
[Site "Rijeka CRO"]
[Date "2008.11.30"]
[Round "3"]
[White "Lujan,C"]
[Black "Saric,A"]
[Result "1/2-1/2"]
[WhiteElo "2366"]
[BlackElo "2505"]

1.e4 c5 2.Nf3 d6 3.d4 cxd4 4.Nxd4 Nf6 5.Nc3 a6 6.g3 e5 7.Nb3 Be7 8.Bg2 Nbd7
9.O-O O-O 10.Re1 b5 11.a4 b4 12.Nd5 Nxd5 13.exd5 a5  1/2-1/2

[Event "III Open"]
[Site "Palma de Mallorca ESP"]
[Date "2008.12.07"]
[Round "2"]
[White "Arizmendi Martinez,J"]
[Black "Roig Squar,J"]
[Result "1-0"]
[WhiteElo "2497"]
[BlackElo "2081"]

1.e4 c5 2.Nf3 d6 3.d4 Nf6 4.Nc3 cxd4 5.Nxd4 a6 6.g3 e5 7.Nb3 Be7 8.Bg2 O-O
9.O-O b5 10.a4 Bb7 11.Bd2 Nbd7 12.Nd5 Bxd5 13.exd5 Qc7 14.Na5 bxa4 15.Rxa4 Nb6
16.Ra1 Rfe8 17.c4 Bf8 18.b4 Qc8 19.Rc1 Qf5 20.Be3 Nbd7 21.f3 h5 22.h3 Qg6
23.Kh2 h4 24.g4 Nh7 25.Qc2 Qf6 26.c5 Rab8 27.c6 Rec8 28.Qf2 Rxb4 29.cxd7  1-0

[Event "TCh-NED 2008-9"]
[Site "Netherlands NED"]
[Date "2008.12.13"]
[Round "4"]
[White "Van der Weide,K"]
[Black "Burg,T"]
[Result "1-0"]
[WhiteElo "2473"]
[BlackElo "2359"]

1.e4 c5 2.Nf3 d6 3.d4 cxd4 4.Nxd4 Nf6 5.Nc3 a6 6.g3 Nc6 7.Bg2 Bd7 8.O-O e6
9.Nxc6 Bxc6 10.Bf4 Qb6 11.Rb1 Be7 12.b4 O-O 13.a4 Qc7 14.Rb3 b5 15.axb5 axb5
16.Qe2 Qb7 17.Re1 d5 18.e5 Nd7 19.Bf1 Rfb8 20.Qg4 Qc8 21.Bd3 Qe8 22.Ne2 Nb6
23.Nd4 Bd7 24.h4 Nc4 25.Bg5 Rb6 26.Bf6 Bxf6 27.exf6 g6 28.Bxc4 bxc4 29.Rbe3 Rxb4
30.Nf5 Rba4 31.h5 Kh8 32.hxg6 fxg6 33.f7 c3 34.fxe8=Q+ Rxe8  1-0

[Event "75th ch-BRA"]
[Site "Porto Alegre BRA"]
[Date "2008.12.14"]
[Round "9"]
[White "Lima,Da"]
[Black "Bittencourt,J"]
[Result "1/2-1/2"]
[WhiteElo "2488"]
[BlackElo "2455"]

1.e4 c5 2.Nf3 d6 3.d4 cxd4 4.Nxd4 Nf6 5.Nc3 a6 6.g3 e5 7.Nb3 Nbd7 8.a4 b6
9.Bg2 Bb7 10.O-O Be7 11.Re1 Rc8 12.Nd2 Rc5 13.Nf1 Qa8 14.Ne3 Nxe4 15.Nf5 Nxc3
16.Bxb7 Qxb7 17.bxc3 g6 18.Nxe7 Kxe7 19.Ba3 Rhc8 20.Bxc5 Rxc5 21.Qd2 Qc6
22.Re3 f5 23.f3 Nf6 24.Rd1 Rd5 25.Rd3 Rxd3 26.Qxd3 a5 27.c4 Qc5+ 28.Kg2 h5
29.c3 Ke6 30.Rb1 Nd7 31.Rd1 Nf6 32.Rb1 Nd7 33.Rb5 Qa3 34.Qc2 Ke7 35.Kh3 Qa1
36.Rb1 Qa3 37.Kg2 Qc5 38.Qd3 Ke6 39.Rb5 Qa3 40.Qc2 Ke7 41.h3 Qa1 42.Rb1 Qa3
43.Rb5 Qa1 44.Rb1 Qa3 45.g4 hxg4 46.hxg4 Kd8 47.gxf5 gxf5 48.Rh1 Kc7 49.Rh7 f4
50.Rxd7+  1/2-1/2

[Event "XXI Carlos Torre"]
[Site "Merida MEX"]
[Date "2008.12.16"]
[Round "5"]
[White "Lujan,C"]
[Black "Duarte Barahona,R"]
[Result "1-0"]
[WhiteElo "2366"]
[BlackElo "2207"]

1.e4 c5 2.Nf3 d6 3.d4 cxd4 4.Nxd4 Nf6 5.Nc3 a6 6.g3 e5 7.Nb3 Nbd7 8.Bg2 b6
9.O-O Bb7 10.Re1 Rc8 11.a4 Be7 12.Nd2 Rc5 13.Nf1 Qa8 14.Ne3 g6 15.Ncd5 Nxd5
16.exd5 O-O 17.b4 Rc7 18.c4 f5 19.f4 Bf6 20.Ra2 exf4 21.gxf4 Bc3 22.Bd2 Bg7
23.Qb3 Nf6 24.a5 bxa5 25.c5 dxc5 26.d6+ Rcf7 27.bxc5 Bxg2 28.Nxg2 Ne4 29.Be3 Nc3
30.Rc2 Rb8 31.Qc4 Rb4 32.Qd3 Nd5 33.c6 Nxe3 34.Nxe3 Rd4 35.Qxd4 Bxd4 36.c7 Qc8
37.Kf1 Rf8 38.Nd5 Kg7 39.d7 Qb7 40.d8=Q Qb5+ 41.Kg2 Qd3 42.Qxf8+  1-0

[Event "Open A"]
[Site "Groningen NED"]
[Date "2008.12.22"]
[Round "2"]
[White "Van Eijk,S"]
[Black "Ten Hertog,H"]
[Result "1-0"]
[WhiteElo "2366"]
[BlackElo "2118"]

1.e4 c5 2.Nf3 d6 3.d4 cxd4 4.Nxd4 Nf6 5.Nc3 a6 6.g3 e5 7.Nde2 Be6 8.Bg2 Nbd7
9.h3 b5 10.g4 Nb6 11.g5 Nfd7 12.O-O Be7 13.f4 exf4 14.Nxf4 Ne5 15.a4 b4 16.Nxe6 fxe6
17.Ne2 Nbd7 18.a5 Rb8 19.b3 Nc5 20.Be3 Bxg5 21.Bxg5 Qxg5 22.Qxd6 Rd8 23.Qc7 Rd7
24.Qb6 Rb7 25.Qd6 Rd7 26.Qb8+ Rd8 27.Qxb4 Qe3+ 28.Kh1 Rf8 29.Rxf8+ Kxf8 30.Qb6 Nf7
31.Rf1 Kg8 32.Rxf7 Kxf7 33.Qxd8 Nxe4 34.Qd7+  1-0

[Event "Open A"]
[Site "Groningen NED"]
[Date "2008.12.24"]
[Round "4"]
[White "Bijlsma,N"]
[Black "Ten Hertog,H"]
[Result "1-0"]
[WhiteElo "1911"]
[BlackElo "2118"]

1.e4 c5 2.Nf3 d6 3.d4 cxd4 4.Nxd4 Nf6 5.Nc3 a6 6.g3 e5 7.Nde2 Nbd7 8.a4 b6
9.Bg2 Be7 10.h3 Bb7 11.g4 Nc5 12.Ng3 g6 13.O-O O-O 14.Qe2 Re8 15.Be3 Rc8
16.Rad1 Qc7 17.Rfe1 Ne6 18.f3 Nd7 19.Rd2 Kg7 20.Red1 Nf4 21.Qf2 Qb8 22.Bf1 Qa8
23.g5 Ne6 24.h4 Ndc5 25.Bh3 Rc7 26.Nd5 Bxd5 27.exd5 Nf8 28.f4 Ncd7 29.f5 f6
30.h5 fxg5 31.fxg6 hxg6 32.Rf1 Bf6 33.hxg6 Qd8 34.Bxg5 Bxg5 35.Qf7+ Kh6 36.Nf5+ Kh5
37.Ng7+ Kh6 38.Nf5+ Kh5 39.Bg4+  1-0

[Event "1st Asian Clubs"]
[Site "Al Ain UAE"]
[Date "2008.12.28"]
[Round "4"]
[White "Ahmad,Az"]
[Black "Waqar,A"]
[Result "1/2-1/2"]
[WhiteElo "2345"]
[BlackElo "2051"]

1.e4 c5 2.Nf3 d6 3.d4 cxd4 4.Nxd4 Nf6 5.Nc3 a6 6.g3 e6 7.Bg2 Be7 8.O-O O-O
9.a4 Qc7 10.f4 Nc6 11.Kh1 Bd7 12.Be3 Rac8 13.h3 Qa5 14.Nb3 Qc7 15.a5 Nb4
16.Bb6 Qb8 17.g4 Bc6 18.g5 Nd7 19.Be3 f5 20.exf5 exf5 21.Nd5 Nxd5 22.Bxd5+ Kh8
23.c4 Qc7 24.Nd4 Bxd5+ 25.cxd5 Qc4 26.Ne6 Rfe8 27.Qd4 Bf8 28.b4 Kg8 29.Qxc4 Rxc4
30.Rab1 Be7 31.Bd4 Nf8 32.Nxg7 Rec8 33.Nxf5 Ng6 34.h4 Bf8 35.Rbd1 Rxb4 36.h5 Ne7
37.Nxd6 Rc2 38.Be5 Ra4 39.Nxb7 Nf5 40.Ra1 Rb4 41.Rfb1  1/2-1/2

[Event "35th Eastern Open"]
[Site "Washington DC USA"]
[Date "2008.12.28"]
[Round "4"]
[White "Ivanov,AV USA"]
[Black "Ludwig,Dan"]
[Result "1-0"]
[WhiteElo "2547"]
[BlackElo "2400"]

1.e4 c5 2.Nf3 d6 3.d4 cxd4 4.Nxd4 Nf6 5.Nc3 a6 6.g3 e6 7.Bg2 Be7 8.O-O O-O
9.Be3 Qc7 10.g4 Nc6 11.g5 Nd7 12.f4 Nb6 13.Kh1 Nc4 14.Bc1 Nxd4 15.Qxd4 f6
16.b3 Na5 17.h4 Bd7 18.Bb2 Rac8 19.Rad1 Nc6 20.Qd2 b5 21.Ne2 Nd8 22.gxf6 gxf6
23.Bc3 Nf7 24.Rc1 Kh8 25.Bb2 Rg8 26.Bf3 e5 27.Bh5 Rg7 28.Rg1 Rcg8 29.Rxg7 Rxg7
30.Rg1 Qc5 31.Rxg7 Kxg7 32.Nc3 Bc6 33.Nd5 Bxd5 34.Qxd5 Qxd5 35.exd5 Nh6 36.Bc3 Nf5
37.Bg4 Ne3 38.Bc8 Bd8 39.Bxa6 Nxd5 40.Bd2 b4 41.Bb7 Nc3 42.a3 Ba5 43.Bxc3 bxc3
44.f5 Kf7 45.Kg2 Ke7 46.Kf3 Kd7 47.Ke2 Bb6 48.b4 Bg1 49.Bf3 Kc7 50.a4 Kb6
51.h5 h6 52.Kd3  1-0

[Event "Christmas Master Open"]
[Site "Zurich SUI"]
[Date "2008.12.29"]
[Round "6"]
[White "Widmer,S"]
[Black "Schiendorfer,E"]
[Result "0-1"]
[WhiteElo "2198"]
[BlackElo "2240"]

1.e4 c5 2.Nf3 d6 3.d4 cxd4 4.Nxd4 Nf6 5.Nc3 a6 6.g3 g6 7.Bg2 Bg7 8.O-O O-O
9.Nde2 Nc6 10.Nd5 e6 11.Ne3 Qc7 12.c4 Nd7 13.Rb1 b5 14.b3 Bb7 15.Bb2 Nde5
16.Kh1 Qb6 17.Qd2 h5 18.f4 Bh6 19.Bc1 Ng4 20.Nxg4 hxg4 21.Bb2 Rad8 22.Qc3 e5
23.Qe1 b4 24.Rd1 Bg7 25.f5 gxf5 26.exf5 Bh6 27.f6 Be3 28.Nc1 Kh7 29.Qe2 Rg8
30.Qd3+ Rg6 31.Bd5 Bd4 32.Rf5 Be3 33.Rh5+ Bh6 34.Ne2  0-1

[Event "Open A"]
[Site "Gjovik NOR"]
[Date "2008.12.30"]
[Round "2"]
[White "Getz,N"]
[Black "Torgersen,T"]
[Result "0-1"]
[WhiteElo "2176"]
[BlackElo "2051"]

1.e4 c5 2.Nf3 d6 3.d4 cxd4 4.Nxd4 Nf6 5.Nc3 a6 6.g3 g6 7.Bg2 Bg7 8.O-O O-O
9.h3 Qc7 10.g4 Nc6 11.Be3 Ne5 12.g5 Nfd7 13.Qe2 Nb6 14.Rad1 Nc6 15.Nb3 Bxc3
16.bxc3 Na4 17.Qe1 Ne5 18.f4 Nc4 19.f5 Nxe3 20.Qxe3 Qxc3 21.Rd3 Qe5 22.f6 Be6
23.Rd4 Bxb3 24.axb3 Nc5 25.Rd5 Qe6 26.Qf4 h5 27.b4 Nd7 28.fxe7 Qxe7 29.Rxd6 Ne5
30.Rd5 Rae8 31.Rb1 Qc7 32.Qd2 Qb6+ 33.Kh1 Re6 34.Qc3 Rfe8 35.Rf1 Qc6 36.Rc5 Qd6
37.Qb3 Qe7 38.Qg3 b6 39.Rd5 Qxb4 40.Qf4 Qe7 41.Ra1 a5 42.Rb1 Qc7 43.Rbb5 Qxc2
44.Rxe5 Qd1+ 45.Kh2 Qd6 46.Rbd5 Qb8 47.Rf5 gxf5 48.Qxb8 Rxb8 49.exf5 Re2
50.Kg3 Rxg2+ 51.Kxg2 a4 52.Kf3 Ra8 53.Ke2 a3 54.Rd1 b5 55.Rb1 b4  0-1

[Event "38th Rilton Cup 2008-9"]
[Site "Stockholm SWE"]
[Date "2008.12.31"]
[Round "5"]
[White "Hedman,E"]
[Black "Bogner,S"]
[Result "0-1"]
[WhiteElo "2353"]
[BlackElo "2448"]

1.e4 c5 2.Nf3 d6 3.d4 cxd4 4.Nxd4 Nf6 5.Nc3 a6 6.g3 e5 7.Nb3 Be7 8.Bg2 O-O
9.O-O Nbd7 10.a4 b6 11.Nd2 Qc7 12.Qe2 Bb7 13.Nc4 Rfc8 14.b3 Bc6 15.Bb2 Rab8
16.Rfc1 Nc5 17.Nd5 Nxd5 18.exd5 Bd7 19.f4 Nxa4 20.Nxe5 Nxb2 21.Nxd7 Qxd7
22.c3 Nc4 23.bxc4 a5 24.Be4 Bf6 25.Bc2 Qc7 26.Qd3 g6 27.Bb3 b5 28.cxb5 Qc5+
29.Kg2 Rxb5 30.Ba4 Qxd5+ 31.Qxd5 Rxd5 32.Rd1 Rcc5 33.Rxd5 Rxd5 34.Rd1 Rxd1
35.Bxd1 Bxc3 36.f5 d5 37.Kf3 Kg7 38.Bb3 gxf5 39.Bxd5 a4 40.h3 h5 41.Ba2 a3
42.g4 fxg4+ 43.hxg4 hxg4+ 44.Kxg4 Kg6 45.Bb1+ Kf6 46.Ba2 Be5 47.Bb3 Ke7 48.Kf5 f6
49.Ke4 Kd6 50.Ba2 Kc5 51.Be6 Kb4 52.Kd3 f5  0-1

[Event "Masters"]
[Site "Hastings ENG"]
[Date "2009.01.03"]
[Round "7"]
[White "Lenier,J"]
[Black "O'Neill,T"]
[Result "1-0"]
[WhiteElo "1831"]
[BlackElo "1518"]

1.e4 c5 2.Nf3 d6 3.d4 cxd4 4.Nxd4 Nf6 5.Nc3 a6 6.g3 e5 7.Nb3 Bg4 8.f3 Be6
9.Be3 Nbd7 10.Bg2 Bc4 11.Qd2 Rc8 12.O-O-O Bxb3 13.axb3 Qa5 14.Kb1 b5 15.f4 Ng4
16.Bg1 Ngf6 17.Bh3 b4 18.Nd5 Nxe4 19.Bxd7+ Kxd7 20.Qe2 Nc3+ 21.bxc3 bxc3
22.Qg4+ Kd8 23.Bb6+ Qxb6 24.Nxb6 Rc7  1-0

[Event "XX Open"]
[Site "Roquetas de Mar ESP"]
[Date "2009.01.03"]
[Round "2"]
[White "Sanchez Jerez,E"]
[Black "Ibarra Jerez,JC"]
[Result "1-0"]
[WhiteElo "2185"]
[BlackElo "2513"]

1.e4 c5 2.Nc3 a6 3.Nge2 d6 4.d4 cxd4 5.Nxd4 Nf6 6.g3 e5 7.Nb3 Nbd7 8.Bg2 b5
9.O-O Be7 10.Re1 O-O 11.a4 b4 12.Nd5 Nxd5 13.exd5 Rb8 14.Bd2 Nf6 15.c4 a5
16.f4 Bg4 17.Qc2 exf4 18.Bxf4 Nh5 19.Nd4 Bf6 20.Nc6 Qc7 21.Be3 Rbe8 22.Qf2 Bd8
23.c5 Qd7 24.cxd6 f5 25.Bc5 Rxe1+ 26.Rxe1 f4 27.Ne5 fxg3 28.Qxf8+ Kxf8 29.Nxd7+ Bxd7
30.Bf1 gxh2+ 31.Kxh2 Nf6 32.Bb5 Kf7 33.Bd4 Bxb5 34.Bxf6 gxf6 35.axb5 a4 36.Ra1 Ke8
37.Rxa4 Kd7 38.Ra6 f5 39.Kg2 b3 40.Rc6  1-0

[Event "LIX Verano Open"]
[Site "Villa Ballester ARG"]
[Date "2009.01.20"]
[Round "2"]
[White "Pichot,A"]
[Black "Fusco,L"]
[Result "0-1"]
[WhiteElo "1984"]
[BlackElo "2419"]

1.e4 c5 2.Nf3 d6 3.d4 cxd4 4.Nxd4 Nf6 5.Nc3 a6 6.g3 Bd7 7.Bg2 Nc6 8.a4 g6
9.Nb3 Bg7 10.a5 Ne5 11.Qe2 Qc7 12.Nd2 Rc8 13.f4 Nc6 14.Nb3 Be6 15.Be3 Bxb3
16.Bb6 Nd4 17.Bxd4 Bc4 18.Qd2 O-O 19.f5 Nd7 20.Bxg7 Kxg7 21.h4 d5 22.Rh3 dxe4
23.g4 Nf6 24.h5 gxf5 25.gxf5 Rcd8 26.Qe3 Kh8 27.Nxe4 Rg8 28.Bf3 Qe5 29.Ra4 Bd5
30.Qc3 Qxf5 31.Rh4 Bxe4 32.Raxe4 Qg5 33.Rhg4 Qc1+ 34.Kf2 Rd2+ 35.Be2 Qxc2
36.Rxg8+ Kxg8 37.Qxc2 Rxc2 38.Rb4 Nd5 39.Rd4 e6 40.Rg4+ Kf8 41.Ke1 Rxb2 42.h6 Rb1+
43.Kf2 Rh1 44.Bf3 Rxh6 45.Bxd5 exd5 46.Rb4 Rh2+  0-1

[Event "ch-CUB"]
[Site "Las Tunas CUB"]
[Date "2009.01.21"]
[Round "2"]
[White "Blanco,H"]
[Black "Corrales Jimenez,F"]
[Result "0-1"]
[WhiteElo "2434"]
[BlackElo "2586"]

1.e4 c5 2.Nf3 d6 3.d4 cxd4 4.Nxd4 Nf6 5.Nc3 a6 6.g3 g6 7.Bg2 Bg7 8.O-O O-O
9.a4 Nc6 10.Nde2 Rb8 11.Nd5 b5 12.axb5 axb5 13.Bd2 Nd7 14.Bc3 Bxc3 15.Nexc3 b4
16.Ne2 Nc5 17.Nd4 Bb7 18.Nxc6 Bxc6 19.Ra7 Bxd5 20.Qxd5 Ra8 21.Rfa1 Rxa7 22.Rxa7 e6
23.Qc6 Qb8 24.Rc7 b3 25.cxb3 Qb4 26.Qxd6 Qe1+ 27.Bf1 Nxe4 28.Qd4 Nd2 29.Qd3 Rb8
30.Rc2 Nxb3 31.Kg2 Qb4 32.Rc4 Qa5 33.Qc3 Qa8+ 34.f3 Qd5 35.Rc8+ Rxc8 36.Qxc8+ Kg7
37.Qc3+ Nd4 38.Bc4 Qd6 39.b4 e5 40.Ba2 Qa6 41.Qc4 Qxc4 42.Bxc4 Nc2 43.Kf2 Nxb4
44.Ke3 f5 45.Bb3 Kf6 46.Bg8 h6 47.Bc4 g5 48.Bb3 Na6 49.Bc4 Nc5 50.Bd5 Ke7
51.Ba2 Kd6 52.Bb1 f4+ 53.Kf2 Kd5 54.h4 gxh4 55.gxh4 Kd4 56.Bg6 Kc3 57.Ke2 Ne6
58.Be4 Nc5 59.Bg6 Nb3 60.Be4 Na5 61.Bd5 Nc4 62.Be4 Ne3 63.Bg6 Ng2 64.h5 Ne3
65.Be4 Nc4 66.Bg6 Nd6 67.Bd3 Ne8 68.Bf5 Nf6 69.Bg6 Kd4 70.Kd2 Nd5 71.Be4 Nc3
72.Bg6 Na4 73.Be8 Nc3 74.Bg6 e4 75.fxe4 f3 76.e5 f2 77.Bd3 Ne4+ 78.Ke2 f1=Q+
79.Kxf1 Kxd3 80.e6 Ke3 81.e7 Nf6 82.Kg2 Kf4 83.Kf2 Kg5  0-1

[Event "7th Gibtelecom Masters"]
[Site "Caleta ENG"]
[Date "2009.01.27"]
[Round "1"]
[White "Malmdin,N"]
[Black "Gordon,S"]
[Result "0-1"]
[WhiteElo "2256"]
[BlackElo "2524"]

1.e4 c5 2.Nf3 d6 3.d4 cxd4 4.Nxd4 Nf6 5.Nc3 a6 6.g3 e5 7.Nb3 Nbd7 8.Bg2 b5
9.O-O Bb7 10.Re1 Be7 11.Nd2 O-O 12.a3 Rc8 13.Nf1 Nb6 14.Ne3 g6 15.Ng4 Nxg4
16.Qxg4 Rc7 17.Bh6 Re8 18.h4 Nc4 19.Bc1 Nxa3 20.Rxa3 b4 21.Rb3 bxc3 22.bxc3 a5
23.h5 a4 24.Ra3 Qa8 25.hxg6 hxg6 26.Bg5 Bxg5 27.Qxg5 Rc4 28.Qe3 Rec8 29.Qd3 Qa5
30.Qxd6 Rxc3 31.Qd2 R8c5 32.Rxc3 Qxc3 33.Qxc3 Rxc3 34.Ra1 Bc6 35.Ra2 a3 36.Kf1 Bb5+
37.Ke1 Bc4 38.Kd2 Rxg3 39.fxg3 Bxa2 40.Kc1 Kf8 41.Bf1 Ke7 42.Bd3 Kd6 43.c3 Kc5
44.g4 f6  0-1

[Event "ch-CUB"]
[Site "Las Tunas CUB"]
[Date "2009.01.28"]
[Round "9"]
[White "Blanco,H"]
[Black "Bacallao,Y"]
[Result "0-1"]
[WhiteElo "2434"]
[BlackElo "2438"]

1.e4 c5 2.Nf3 d6 3.d4 cxd4 4.Nxd4 Nf6 5.Nc3 a6 6.g3 e5 7.Nde2 Be7 8.Bg2 O-O
9.a4 b6 10.h3 Bb7 11.g4 Nbd7 12.Ng3 b5 13.O-O b4 14.Nd5 Nxd5 15.exd5 Re8
16.Nf5 Bf8 17.a5 Rb8 18.Bd2 Ba8 19.b3 Rb5 20.Ne3 Nf6 21.Be1 e4 22.Qd4 Nxd5
23.Nxd5 Rxd5 24.Qxb4 h5 25.Bd2 hxg4 26.hxg4 Qh4 27.Rae1 Rb5 28.Qc4 Rc5 29.Qxa6 e3
30.f3 Rxc2 31.Rxe3 Rec8 32.Rf2 d5 33.Kf1 d4 34.Re1 Bb4 35.Qd3 Qxf2+  0-1